| 000 | 00383nam a22001457a 4500 | ||
|---|---|---|---|
| 020 | _a978-81-8267-805-7 | ||
| 082 |
_a894.812.3 _bMOO/B |
||
| 100 | _aMOOSAKUTTY, N | ||
| 245 | _aBRASEELIYAN NADODIOKKATHAKAL | ||
| 246 |
_aBRASEELIYAN NADODIOKKATHAKAL _bBRASEELIYAN NADODIOKKATHAKAL |
||
| 260 |
_aINDIA _bMATHRUBHUMI _c2019 |
||
| 300 | _a86 | ||
| 650 | _aMALAYALAM STORIES | ||
| 942 | _cBK | ||
| 999 |
_c8874 _d8874 |
||